Eastern Utah Libraries Catalog: Duchesne, Heber, Roosevelt, & Vernal

The wheel of darkness / (Record no. 47522)

MARC details
000 -LEADER
fixed length control field 01875cam a22004818a 4500
005 - DATE AND TIME OF LATEST TRANSACTION
control field 20241220120716.0
035 ## - SYSTEM CONTROL NUMBER
System control number (Sirsi) i9780446580281
092 ## - LOCALLY ASSIGNED DEWEY CALL NUMBER (OCLC)
Classification number PRESTON
008 - FIXED-LENGTH DATA ELEMENTS--GENERAL INFORMATION
fixed length control field 070516s2007 nyu 000 1 eng
001 - CONTROL NUMBER
control field 14852453
010 ## - LIBRARY OF CONGRESS CONTROL NUMBER
LC control number 2007020551
020 ## - INTERNATIONAL STANDARD BOOK NUMBER
International Standard Book Number 9780446580281 (regular edition)
020 ## - INTERNATIONAL STANDARD BOOK NUMBER
International Standard Book Number 9780446581417 (large print)
020 ## - INTERNATIONAL STANDARD BOOK NUMBER
International Standard Book Number 0446580287 (regular edition)
020 ## - INTERNATIONAL STANDARD BOOK NUMBER
International Standard Book Number 0446581410 (large print)
040 ## - CATALOGING SOURCE
Original cataloging agency DLC
Transcribing agency DLC
Modifying agency DLC
043 ## - GEOGRAPHIC AREA CODE
Geographic area code ah-----
050 00 - LIBRARY OF CONGRESS CALL NUMBER
Classification number PS3566.R3982
Item number W43 2007
082 00 - DEWEY DECIMAL CLASSIFICATION NUMBER
Classification number 813/.54
Edition number 22
100 1# - MAIN ENTRY--PERSONAL NAME
Personal name Preston, Douglas.
9 (RLIN) 5949490
245 14 - TITLE STATEMENT
Title The wheel of darkness /
Statement of responsibility, etc Douglas Preston and Lincoln Child.
250 ## - EDITION STATEMENT
Edition statement 1st ed.
260 ## - PUBLICATION, DISTRIBUTION, ETC. (IMPRINT)
Place of publication, distribution, etc New York :
Name of publisher, distributor, etc Warner Books,
Date of publication, distribution, etc c2007.
263 ## - PROJECTED PUBLICATION DATE
Projected publication date 0708
300 ## - PHYSICAL DESCRIPTION
Extent p. cm.
650 #0 - SUBJECT ADDED ENTRY--TOPICAL TERM
Topical term or geographic name as entry element Pendergast, Aloysius (Fictitious character)
Form subdivision Fiction.
9 (RLIN) 5674414
650 #0 - SUBJECT ADDED ENTRY--TOPICAL TERM
Topical term or geographic name as entry element Government investigators
Form subdivision Fiction.
9 (RLIN) 5674416
650 #0 - SUBJECT ADDED ENTRY--TOPICAL TERM
Topical term or geographic name as entry element Americans
Geographic subdivision Himalaya Mountains
Form subdivision Fiction.
9 (RLIN) 6507497
650 #0 - SUBJECT ADDED ENTRY--TOPICAL TERM
Topical term or geographic name as entry element Archaeological thefts
Form subdivision Fiction.
9 (RLIN) 5711620
650 #0 - SUBJECT ADDED ENTRY--TOPICAL TERM
Topical term or geographic name as entry element Monks
Form subdivision Fiction.
9 (RLIN) 5702976
610 20 - SUBJECT ADDED ENTRY--CORPORATE NAME
Corporate name or jurisdiction name as entry element Queen Victoria (Ship)
Form subdivision Fiction.
9 (RLIN) 6174282
650 #0 - SUBJECT ADDED ENTRY--TOPICAL TERM
Topical term or geographic name as entry element Ocean liners
Form subdivision Fiction.
9 (RLIN) 5699709
655 #0 - INDEX TERM--GENRE/FORM
Genre/form data or focus term Suspense fiction.
9 (RLIN) 6174283
700 1# - ADDED ENTRY--PERSONAL NAME
Personal name Child, Lincoln.
9 (RLIN) 20244
856 42 - ELECTRONIC LOCATION AND ACCESS
Materials specified Publisher description
Uniform Resource Identifier <a href="http://www.loc.gov/catdir/enhancements/fy0726/2007020551-d.html">http://www.loc.gov/catdir/enhancements/fy0726/2007020551-d.html</a>
856 42 - ELECTRONIC LOCATION AND ACCESS
Materials specified Publisher description
Uniform Resource Identifier <a href="http://www.loc.gov/catdir/enhancements/fy0726/2007020551-d.html">http://www.loc.gov/catdir/enhancements/fy0726/2007020551-d.html</a>
906 ## - LOCAL DATA ELEMENT F, LDF (RLIN)
a 7
b rix
c orignew
d 1
e ecip
f 20
g y-gencatlg
925 0# -
-- acquire
-- 2 shelf copies
-- policy default
942 ## - ADDED ENTRY ELEMENTS (KOHA)
Koha item type BOOK
955 ## - COPY-LEVEL INFORMATION (RLIN)
-- lh03 2007-05-16 to CIP (Dewey completed)
963 ## -
-- Carolyn Kurek; phone: 212-364-1393; fax: 212-364-0626; email: carolyn.kurek@hbgusa.com; bc: elizabeth.sargevakian@hbgusa.com
998 ## - LOCAL CONTROL INFORMATION (RLIN)
-- a103259
Holdings
Withdrawn status Lost status Source of classification or shelving scheme Damaged status Not for loan Collection code Home library Current library Shelving location Date acquired Source of acquisition Serial Enumeration / chronology Total Checkouts Full call number Barcode Date last seen Date checked out Cost, replacement price Price effective from Koha item type
    Dewey Decimal Classification     Fiction Wasatch County Library Wasatch County Library First Floor 07/11/2025 Ingram #8 Pendergast 1 F Preston 34301002160788 07/19/2025 07/14/2025 10.00 07/11/2025 BOOK
This project was made possible through a grant from the Institute of Museum and Library Service administered by the Utah State Library Division.

Wasatch County Library

  • 465 East 1200 South, Heber City, Utah 84032
  • Phone 435-654-1511 | Fax 435-654-6456

Hours

  • Monday - Friday 9:30 AM - 8:00 PM
  • Saturday 9:30 AM - 1:30 PM
  • Closed Sundays and Holidays